000 00368nam a22001577a 4500
020 _a978-1-265-57802-2
082 _a657
100 _aSpeceland, J. David
245 _aFinancial Accounting
250 _a6th
260 _aNew York:
_bMcGraw Hill,
_c2022
300 _axxvi, 651p.: ill.; 28cm
700 _aThomas, Wayne
700 _aHerrmann, Don
942 _cBK
999 _c22136
_d22136